000 00877nam a22002531u 4500
001 03463
003 HDC
007 cr bn ---
008 210109p my fo d 00 g
040 _aHDC
245 0 _aPrestasi dan Prospek Ekonomi
_bLaporan Ekonomi
260 _aKuala Lumpur:
_b[publisher not identified],
_c[no year]
300 _a58 pages : illustrations
336 _atext
_2rdacontent
337 _acomputer
_2rdamedia
338 _aonline resource
_2rdacarrier
650 _aMalaysia
_vPeriodicals
_x Economic conditions
_92849
650 _aMalaysia
_xEconomic conditions
_92850
650 _aStatistics
_zMalaysia
_92851
856 _zRequest full-text at [email protected]
942 _2lcc
942 _cEIS
942 _kREPT 000085
999 _c849
_d849